MARC details
| 000 -CABECERA |
| campo de control de longitud fija |
02081cam a2200241zi 4500 |
| 001 - NÚMERO DE CONTROL |
| campo de control |
17606783 |
| 005 - FECHA Y HORA DE LA ÚLTIMA TRANSACCIÓN |
| campo de control |
20250616124143.0 |
| 008 - DATOS DE LONGITUD FIJA--INFORMACIÓN GENERAL |
| campo de control de longitud fija |
240106t20242024enka b 001 0 eng d |
| 020 ## - NÚMERO INTERNACIONAL ESTÁNDAR DEL LIBRO |
| Número Internacional Estándar del Libro |
9781399623766 |
| 035 ## - NÚMERO DE CONTROL DEL SISTEMA |
| Número de control de sistema |
(NhCcYBP)om4696346400 |
| 035 ## - NÚMERO DE CONTROL DEL SISTEMA |
| Número de control de sistema |
17606783 |
| 040 ## - FUENTE DE LA CATALOGACIÓN |
| Centro catalogador/agencia de origen |
NhCcYBP |
| Lengua de catalogación |
eng |
| Normas de descripción |
rda |
| Centro/agencia transcriptor |
NhCcYBP |
| 041 ## - CÓDIGO DE LENGUA |
| Código de lengua del texto/banda sonora o título independiente |
eng |
| 050 #4 - SIGNATURA TOPOGRÁFICA DE LA BIBLIOTECA DEL CONGRESO |
| Número de clasificación |
GT596 |
| Número de documento/Ítem |
.S56 2024 |
| 100 ## - ENTRADA PRINCIPAL--NOMBRE DE PERSONA |
| Nombre de persona |
Sims, Josh |
| Término indicativo de función/relación |
author. |
| Número de control del registro de autoridad o número normalizado |
http://id.loc.gov/authorities/names/no00026953 |
| URI de un objeto del mundo real |
https://id.oclc.org/worldcat/entity/E39PCjCcwwBhXRGRXwGG3wYfD3 |
| 9 (RLIN) |
23724 |
| 245 10 - MENCIÓN DE TÍTULO |
| Título |
Icons of style |
| Resto del título |
: in 100 garments |
| Mención de responsabilidad, etc. |
/ Josh Sims. |
| 264 #1 - PRODUCCIÓN, PUBLICACIÓN, DISTRIBUCIÓN, FABRICACIÓN Y COPYRIGHT |
| Producción, publicación, distribución, fabricación y copyright |
London : |
| Nombre del de productor, editor, distribuidor, fabricante |
Laurence King, an imprint of the Orion Group Publishing Group Ltd., |
| Fecha de producción, publicación, distribución, fabricación o copyright |
2024. |
| 264 #4 - PRODUCCIÓN, PUBLICACIÓN, DISTRIBUCIÓN, FABRICACIÓN Y COPYRIGHT |
| Fecha de producción, publicación, distribución, fabricación o copyright |
©2024 |
| 300 ## - DESCRIPCIÓN FÍSICA |
| Extensión |
368 pages : |
| Otras características físicas |
illustrations (chiefly color) ; |
| Dimensiones |
26 cm |
| 520 ## - SUMARIO, ETC. |
| Sumario, etc. |
Behind nearly every item in the modern wardrobe is a 'first of its kind' - the definitive item, often designed by a single company or brand for specialist use, on which all subsequent versions have been based (and originals of which are now collector items in the booming vintage market). The T-shirt, for example, may now be an innocuous, everyday item, but was created by American company Hanes for US Navy personnel at the turn of the 20th century and was subsequently adopted by sportsmen and bikers. Other items have been designed for sport, farm work or protection, and made their way into everyday usage. Icons of Style examines, garment by garment, the most important and famous of these products - their provenance and history, the stories of their design, the brand/company that started it all and how the item shaped the way we all dress today. As traditional definitions of men's and women's clothes are fast changing, this book combines all key garments for everyone.<br/><br/>Inspiring images of the best examples of the garment - from the 1930s to contemporary times, from Marlene Dietrich to Mick Jagger - show the timeless beauty of these garments that are the basics of the stylish. |
| 650 #0 - PUNTO DE ACCESO ADICIONAL DE MATERIA--TÉRMINO DE MATERIA |
| Término de materia o nombre geográfico como elemento de entrada |
Fashion |
| Subdivisión general |
History |
| Número de control del registro de autoridad o número normalizado |
http://id.loc.gov/authorities/subjects/sh2008103592 |
| 9 (RLIN) |
9682 |
| 942 ## - ELEMENTOS DE ENTRADA AGREGADA (KOHA) |
| Fuente del sistema de clasificación o colocación |
Clasificación de Library of Congress |